Modern machine woodworking / (Record no. 5448)

MARC details
000 -LEADER
fixed length control field 00727cam a22002291 4500
001 - CONTROL NUMBER
control field BD-DhSAU 5448
003 - CONTROL NUMBER IDENTIFIER
control field BD-DhSAU
005 - DATE AND TIME OF LATEST TRANSACTION
control field 20150415160023.0
008 - FIXED-LENGTH DATA ELEMENTS--GENERAL INFORMATION
fixed length control field 750724s1960 nyua 001 0 eng
040 ## - CATALOGING SOURCE
Original cataloging agency BD-DhSAU
082 ## - DEWEY DECIMAL CLASSIFICATION NUMBER
Classification number 575.46
Edition number 22
Item number HOM
100 1# - MAIN ENTRY--PERSONAL NAME
Personal name Holtrop, William F.
245 10 - TITLE STATEMENT
Title Modern machine woodworking /
Statement of responsibility, etc. by William F. Holtrop [and] Herman Hjorth.
250 ## - EDITION STATEMENT
Edition statement [Rev. ed.]
260 ## - PUBLICATION, DISTRIBUTION, ETC. (IMPRINT)
Place of publication, distribution, etc. Milwaukee :
Name of publisher, distributor, etc. Bruce Pub. Co. ,
Date of publication, distribution, etc. c1960.
300 ## - PHYSICAL DESCRIPTION
Extent xii, 280 p.:
Other physical details ill. ;
Dimensions 26 cm.
500 ## - GENERAL NOTE
General note First ed. by Herman Hjorth, published in 1937 under title: Machine woodworking.
504 ## - BIBLIOGRAPHY, ETC. NOTE
Bibliography, etc Includes bibliography and index
590 ## - Name of Cataloguer
Name of Cataloger IMRAN
650 #0 - SUBJECT ADDED ENTRY--TOPICAL TERM
Topical term or geographic name as entry element Woodworking machinery.
700 1# - ADDED ENTRY--PERSONAL NAME
Personal name Hjorth, Herman
942 ## - ADDED ENTRY ELEMENTS (KOHA)
Source of classification or shelving scheme Dewey Decimal Classification
Koha item type Book
Holdings
Withdrawn status Lost status Source of classification or shelving scheme Damaged status Not for loan Collection code Home library Branch Name Shelving location Date acquired Total Checkouts Full call number Barcode Date last seen Price effective from Koha item type
    Dewey Decimal Classification   Not For Loan Reference SAU Library SAU Library Reference 04/04/1979   575.46 HOM 2814 15/04/2015 15/04/2015 Book